[Event "Winter Tournament 2014/15"]
[Site "SchemingMind.com"]
[Date "2014.12.02"]
[Round "-"]
[White "fanfan_la_Tulipe"]
[Black "Helga1946"]
[Result "1/2-1/2"]
[WhiteCountry "AUT"]
[BlackCountry "GER"]
[WhiteElo "2104"]
[WhiteRD "74"]
[BlackElo "2177"]
[BlackRD "78"]
[GameID "369906"]

1. d4 d5 2. c4 dxc4 3. Nf3 Nf6 4. e3 e6 5. Bxc4 c5 6. O-O a6 7. a4 Nc6 8. Qe2 cxd4 9. Rd1 Bb4 10. exd4 O-O
11. Bg5 h6 12. Bh4 g5 13. Bg3 g4 14. Ne5 Nxd4 15. Qd3 Nc6 16. Qc2 Qa5 17. Qe2 Rd8 18. Rxd8+ Qxd8 19. Nxg4 Nxg4 20. Qxg4+ Qg5
21. Qf4 Kg7 22. Nc3 Qxf4 23. Bxf4 e5 24. Be3 Bf5 25. Rd1 Rc8 26. Nd5 Bf8 27. Nb6 Rc7 28. Na8=
1/2-1/2

[Event "Winter Tournament 2014/15"]
[Site "SchemingMind.com"]
[Date "2014.12.02"]
[Round "-"]
[White "Helga1946"]
[Black "fanfan_la_Tulipe"]
[Result "1-0"]
[WhiteCountry "GER"]
[BlackCountry "AUT"]
[WhiteElo "2195"]
[WhiteRD "77"]
[BlackElo "2095"]
[BlackRD "74"]
[GameID "369907"]

1. e4 e5 2. Nf3 Nc6 3. Bb5 a6 4. Ba4 Nf6 5. O-O b5 6. Bb3 Bc5 7. c3 d6 8. d3 h6 9. d4 Bb6 10. dxe5 Nxe5
11. Nxe5 dxe5 12. Qxd8+ Kxd8 13. Nd2 Ke7 14. Nf3 Bb7 15. Nxe5 Nxe4 16. Be3 Bxe3 17. fxe3 Rhf8 18. Bxf7 Nf6 19. Bb3 Be4 20. Rf4 Bh7
21. Rd1 Ke8 22. Rfd4 Bg8 23. Bc2
1-0

[Event "Winter Tournament 2014/15"]
[Site "SchemingMind.com"]
[Date "2014.12.05"]
[Round "-"]
[White "Scooter"]
[Black "fanfan_la_Tulipe"]
[Result "0-1"]
[WhiteCountry "USA"]
[BlackCountry "AUT"]
[WhiteElo "1778"]
[WhiteRD "45"]
[BlackElo "2095"]
[BlackRD "74"]
[GameID "370725"]

1. d4 Nf6 2. Nf3 g6 3. Bf4 Bg7 4. e3 O-O 5. Be2 c5 6. c3 cxd4 7. cxd4 Qa5+ 8. Nc3 Nd5 9. Qa4 Qxa4 10. Nxa4 Nxf4
11. exf4 d6 12. O-O Bd7 13. Nc3 Nc6 14. d5 Nd4 15. Nxd4 Bxd4 16. Rac1 Rfc8 17. Rfd1 Bg7 18. h3 a6 19. Bd3 b5 20. Rc2 b4
21. Ne2 Rxc2 22. Bxc2 Bxb2 23. Rb1 Ba3 24. Nd4 Rc8 25. Bb3 a5 26. Nc2 a4 27. Nxa3 axb3
0-1

[Event "Winter Tournament 2014/15"]
[Site "SchemingMind.com"]
[Date "2014.12.05"]
[Round "-"]
[White "fanfan_la_Tulipe"]
[Black "Scooter"]
[Result "1-0"]
[WhiteCountry "AUT"]
[BlackCountry "USA"]
[WhiteElo "2095"]
[WhiteRD "74"]
[BlackElo "1778"]
[BlackRD "45"]
[GameID "370726"]

1. d4 Nf6 2. c4 g6 3. Nc3 Bg7 4. e4 d6 5. Be2 O-O 6. Bg5 Nbd7 7. Qd2 e5 8. d5 b6 9. f3 Ba6 10. Rc1 Qc8
11. g4 Nc5 12. b4 Ncd7 13. h4 c5 14. b5 Bb7 15. h5 Bh8 16. hxg6 fxg6 17. Bh6 Bg7 18. Bxg7 Kxg7 19. Qh6+ Kg8 20. Nh3 Rf7
21. Ng5 Re7 22. Ne6 Nf8 23. Ng5 N8d7 24. Kd2 Qf8 25. a4 Qxh6 26. Rxh6 Nf8 27. a5 Kg7 28. Rhh1 h6 29. Nh3 N8d7 30. g5 hxg5
31. Nxg5 Rh8 32. Ne6+ Kg8 33. Rxh8+ Kxh8 34. a6 Bc8 35. Rh1+ Rh7 36. Rxh7+ Nxh7 37. Nd8 Nb8 38. Na4 Kg8 39. Nxb6 Bxa6 40. bxa6 Nxa6
41. Nc8
1-0

[Event "Winter Tournament 2014/15"]
[Site "SchemingMind.com"]
[Date "2014.12.07"]
[Round "-"]
[White "Scooter"]
[Black "Helga1946"]
[Result "0-1"]
[WhiteCountry "USA"]
[BlackCountry "GER"]
[WhiteElo "1778"]
[WhiteRD "45"]
[BlackElo "2195"]
[BlackRD "77"]
[GameID "370727"]

1. d4 e6 2. Nf3 Nf6 3. Bg5 h6 4. Bxf6 Qxf6 5. e3 d5 6. Be2 Nc6 7. O-O a6 8. Nbd2 h5 9. c4 h4 10. h3 Bd7
11. c5 g5 12. Nh2 Qe7 13. a3 Bg7 14. b4 e5 15. Nb3 O-O-O 16. Bg4 f5 17. Be2 f4 18. exf4 gxf4 19. Bg4 exd4 20. Bxd7+ Qxd7
21. Nf3 Rhg8 22. Nbxd4 Bxd4 23. Nxd4 Nxd4 24. Qxd4 Qxh3
0-1

[Event "Winter Tournament 2014/15"]
[Site "SchemingMind.com"]
[Date "2014.12.07"]
[Round "-"]
[White "Helga1946"]
[Black "Scooter"]
[Result "1-0"]
[WhiteCountry "GER"]
[BlackCountry "USA"]
[WhiteElo "2195"]
[WhiteRD "77"]
[BlackElo "1778"]
[BlackRD "45"]
[GameID "370728"]

1. d4 Nf6 2. Nf3 g6 3. g3 Bg7 4. Bg2 O-O 5. c4 d6 6. O-O Nbd7 7. Nc3 a6 8. Qb3 c6 9. Bg5 Qb6 10. Rfd1 Re8
11. Qc2 e5 12. c5 dxc5 13. Na4 Qc7 14. dxc5 Bf8 15. e4 Qa5 16. Be3 Ng4 17. Bd2 Qc7 18. h3 Ngf6 19. Be3 Qa5 20. Nd2 Rb8
21. Nc4 Qc7 22. Rd3 Kh8 23. f4 exf4 24. Bxf4
1-0

[Event "Winter Tournament 2014/15"]
[Site "SchemingMind.com"]
[Date "2014.12.06"]
[Round "-"]
[White "Scooter"]
[Black "simpet"]
[Result "1-0"]
[WhiteCountry "USA"]
[BlackCountry "ENG"]
[WhiteElo "1778"]
[WhiteRD "45"]
[BlackElo "1585"]
[BlackRD "56"]
[GameID "370768"]

1. d4 f5 2. Nf3 Nf6 3. Bf4 e6 4. e3 Nc6 5. Be2 a6 6. O-O d5 7. Nbd2 Bd6 8. Bxd6 Qxd6 9. a3 O-O 10. c4 b6
11. cxd5 Nxd5 12. Rc1 Nf6 13. Nc4 Qd7 14. Nce5 Nxe5 15. Nxe5 Qd6 16. Rc6 Qe7 17. Qc2 Bb7 18. Rxc7 Rac8 19. Rxe7 Rxc2 20. Rxb7 Rxe2
21. Rxb6
1-0

[Event "Winter Tournament 2014/15"]
[Site "SchemingMind.com"]
[Date "2014.12.06"]
[Round "-"]
[White "simpet"]
[Black "Scooter"]
[Result "0-1"]
[WhiteCountry "ENG"]
[BlackCountry "USA"]
[WhiteElo "1585"]
[WhiteRD "56"]
[BlackElo "1778"]
[BlackRD "45"]
[GameID "370769"]

1. e4 c6 2. Bc4 d5 3. exd5 cxd5 4. Bb3 Nf6 5. d3 Bg4 6. f3 Bh5 7. Bf4 e6 8. d4 Bd6 9. Bxd6 Qxd6 10. c3 O-O
11. Nd2 Nc6 12. Ne2 Rac8 13. O-O Bg6 14. f4 Bd3 15. Bc2 Bxc2 16. Qxc2 Nb4 17. Qa4 Nc6 18. Qc2 Ng4 19. Qd3 Ne7 20. h3 Nf6
21. Nf3 Ne4 22. Ne5 Nc6 23. Rf3 f6 24. Ng4 a6 25. Ng3 Nxg3 26. Rxg3 Qxf4 27. Rf1 Qe4 28. Qxe4 dxe4 29. Nxf6+ Kh8 30. Nxe4 Rxf1+
31. Kh2 Rd8 32. b4 e5 33. Rf3 Rxf3
0-1

[Event "Winter Tournament 2014/15"]
[Site "SchemingMind.com"]
[Date "2014.12.06"]
[Round "-"]
[White "fanfan_la_Tulipe"]
[Black "simpet"]
[Result "1-0"]
[WhiteCountry "AUT"]
[BlackCountry "ENG"]
[WhiteElo "2095"]
[WhiteRD "74"]
[BlackElo "1585"]
[BlackRD "56"]
[GameID "370770"]

1. d4 Nf6 2. c4 e6 3. Nc3 c6 4. e4 Bb4 5. Bd3 Qa5 6. Bd2 d5 7. cxd5 exd5 8. e5 Nfd7 9. Nge2 O-O 10. O-O f5
11. exf6 Rxf6 12. Qc2 Nf8 13. Bg5 Rf7 14. a3 Bd6 15. Nb5
1-0

[Event "Winter Tournament 2014/15"]
[Site "SchemingMind.com"]
[Date "2014.12.06"]
[Round "-"]
[White "simpet"]
[Black "fanfan_la_Tulipe"]
[Result "0-1"]
[WhiteCountry "ENG"]
[BlackCountry "AUT"]
[WhiteElo "1487"]
[WhiteRD "67"]
[BlackElo "2097"]
[BlackRD "80"]
[GameID "370771"]

1. e4 e5 2. Bc4 Nf6 3. d3 Nc6 4. Be3 d5 5. exd5 Nxd5 6. Nf3 Bg4 7. Nbd2 Be7 8. O-O O-O 9. h3 Bh5 10. Qe1 Kh8
11. Nb3 Nxe3 12. Qxe3 Bf6 13. Rab1 a6 14. Nc5 b5 15. Bb3 Re8 16. Ne4 Be7 17. Nfg5 f5 18. Ne6 Qd7 19. N4g5 h6 20. Nf3 Bf6
21. Nc5 Qd6 22. c3 f4 23. Qe4 Qxc5 24. Qf5 Bxf3 25. gxf3 Ne7 26. Qh5 Qd6 27. Rbd1 Rad8 28. Kh2 Qd7 29. Rg1 Qf5 30. Qxf5 Nxf5
31. Bf7 Re7 32. Bh5 Bh4 33. Rg2 c5 34. Bg4 Nd6
0-1

[Event "Winter Tournament 2014/15"]
[Site "SchemingMind.com"]
[Date "2014.12.07"]
[Round "-"]
[White "simpet"]
[Black "Helga1946"]
[Result "0-1"]
[WhiteCountry "ENG"]
[BlackCountry "GER"]
[WhiteElo "1585"]
[WhiteRD "56"]
[BlackElo "2195"]
[BlackRD "77"]
[GameID "370772"]

1. e4 c5 2. Bc4 Nc6 3. d3 e6 4. Nf3 d5 5. exd5 exd5 6. Bb5 Qa5+ 7. Nc3 d4 8. Qe2+ Ne7 9. Bxc6+ bxc6 10. Bd2 dxc3
11. Bxc3 Qa4 12. O-O Bg4 13. b3 Qf4 14. Qd2 Qxd2 15. Nxd2 f6 16. Rfe1 Kf7 17. Ne4 Nd5 18. h3 Nxc3 19. Nxc3 Bf5 20. f3 c4
21. bxc4 Bb4 22. g4 Bxc3
0-1

[Event "Winter Tournament 2014/15"]
[Site "SchemingMind.com"]
[Date "2014.12.08"]
[Round "-"]
[White "Helga1946"]
[Black "simpet"]
[Result "1-0"]
[WhiteCountry "GER"]
[BlackCountry "ENG"]
[WhiteElo "2150"]
[WhiteRD "78"]
[BlackElo "1646"]
[BlackRD "61"]
[GameID "370773"]

1. e4 e5 2. Nf3 Nc6 3. Bb5 a6 4. Ba4 b5 5. Bb3 Bc5 6. c3 Nf6 7. d4 exd4 8. e5 Ne4 9. O-O O-O 10. cxd4 Ba7
11. Bd5
1-0

[Event "Winter Tournament 2014/15"]
[Site "SchemingMind.com"]
[Date "2014.12.11"]
[Round "-"]
[White "GBEDARD"]
[Black "Scooter"]
[Result "1-0"]
[WhiteCountry "USA"]
[BlackCountry "USA"]
[WhiteElo "1994"]
[WhiteRD "72"]
[BlackElo "1778"]
[BlackRD "45"]
[GameID "371221"]

1. e4 c6 2. d4 d5 3. Nc3 dxe4 4. Nxe4 Bf5 5. Ng3 Bg6 6. h4 h6 7. h5 Bh7 8. Nf3 Nd7 9. Bd3 Bxd3 10. Qxd3 Qc7
11. Rh4 O-O-O 12. Bf4 Qb6 13. O-O-O Ngf6 14. Nd2 e6 15. Kb1 Be7 16. Nc4 Qb5 17. Nd6+ Bxd6 18. Qxb5 cxb5 19. Bxd6 Nb6 20. Be7 Rd7
21. Bxf6 gxf6 22. Ne4 Nd5 23. Nc5 Rdd8 24. Rg4 Rhg8 25. Rxg8 Rxg8 26. g3 Rg5 27. Rh1 f5 28. Nd3 f6 29. Nc5 Nc7 30. c3 b6
31. Nd3 Nd5 32. Kc2 Kc7 33. b3 Kd6 34. a4 bxa4 35. bxa4 Rg8 36. c4 Rc8 37. Nb2 e5 38. dxe5+ fxe5 39. Rd1
1-0

[Event "Winter Tournament 2014/15"]
[Site "SchemingMind.com"]
[Date "2014.12.11"]
[Round "-"]
[White "Scooter"]
[Black "GBEDARD"]
[Result "0-1"]
[WhiteCountry "USA"]
[BlackCountry "USA"]
[WhiteElo "1759"]
[WhiteRD "48"]
[BlackElo "1988"]
[BlackRD "68"]
[GameID "371222"]

1. d4 Nf6 2. Nf3 e6 3. Bg5 c5 4. e3 Be7 5. c3 b6 6. Be2 Bb7 7. O-O Nc6 8. Nbd2 d5 9. Bb5 O-O 10. Bxc6 Bxc6
11. Ne5 Bb5 12. c4 Bxc4 13. Ndxc4 dxc4 14. Nxc4 Rc8 15. dxc5 Rxc5 16. Bxf6 Bxf6 17. Qb3 Qd5 18. Rac1 Rfc8 19. Rfd1 Rxc4
0-1

[Event "Winter Tournament 2014/15"]
[Site "SchemingMind.com"]
[Date "2014.12.11"]
[Round "-"]
[White "GBEDARD"]
[Black "fanfan_la_Tulipe"]
[Result "1/2-1/2"]
[WhiteCountry "USA"]
[BlackCountry "AUT"]
[WhiteElo "2036"]
[WhiteRD "66"]
[BlackElo "2088"]
[BlackRD "75"]
[GameID "371223"]

1. e4 e5 2. Nf3 Nc6 3. Bb5 a6 4. Ba4 Nf6 5. O-O b5 6. Bb3 Bc5 7. c3 d6 8. d4 Bb6 9. a4 Bg4 10. h3 Bxf3
11. Qxf3 exd4 12. Bg5 Rb8 13. Na3 dxc3 14. bxc3 Ne5 15. Qf5 Bc5 16. Nc2 h6 17. Bxf6 Qxf6 18. Qxf6 gxf6 19. axb5 axb5 20. Nd4 Rg8
21. Nf5 Nf3+ 22. Kh1 Nd2 23. Nxh6 Rh8 24. Nf5 Nxb3 25. Ra2 Bb6 26. Rb2 Nc5 27. Rxb5 Kd7 28. f3 Ra8 29. Rd1 Ra3 30. Rxb6 cxb6
31. Rxd6+ Kc7 32. Rxf6 Rxc3 33. Rxf7+ Kd8 34. Ra7 Nd7 35. Kh2 Rc7 36. Ra8+ Rc8 37. Ra7 Rb8 38. f4 b5 39. Nd4 Rh6 40. e5 Ke8
41. e6 b4 42. exd7+ Kd8 43. Nb3 Rb5 44. g4 Rd5 45. Rb7 Rd3 46. Rb8+ Kc7 47. d8=Q+ Rxd8 48. Rxb4 Rd3 49. Rc4+ Kb6 50. Rb4+ Kc6
51. Kg2 Rhxh3 52. Nd4+ Kc5 53. Ra4 Rhg3+ 54. Kf2 Rxg4 55. Nf5 Rg6 56. Ra5+ Kb6 57. Ra4 Kb5 58. Re4 Kc5 59. Re5+ Kc4=
1/2-1/2

[Event "Winter Tournament 2014/15"]
[Site "SchemingMind.com"]
[Date "2014.12.11"]
[Round "-"]
[White "fanfan_la_Tulipe"]
[Black "GBEDARD"]
[Result "0-1"]
[WhiteCountry "AUT"]
[BlackCountry "USA"]
[WhiteElo "2088"]
[WhiteRD "75"]
[BlackElo "2036"]
[BlackRD "66"]
[GameID "371224"]

1. d4 Nf6 2. c4 e6 3. Nc3 c5 4. d5 exd5 5. cxd5 d6 6. e4 g6 7. Nf3 Bg7 8. Nd2 O-O 9. Bd3 Re8 10. O-O Nbd7
11. Re1 Ne5 12. Bf1 Bd7 13. h3 Nh5 14. Nc4 Nxc4 15. Bxc4 Bd4 16. Rb1 Qf6 17. Qf3 Qxf3 18. gxf3 a6 19. Kg2 f5 20. Bd2 fxe4
21. Nxe4 b5 22. Bf1 Nf6 23. Nxf6+ Bxf6 24. b3 Bf5 25. Rbd1 Kf7 26. Kg3 Bc2 27. Rc1 Rxe1 28. Bxe1 Bf5 29. Ba5 Re8 30. Rd1 Re7
31. Bd8 Rd7 32. Ba5 h6 33. Bd2 Be5+ 34. Kg2 g5 35. Re1 Kf6 36. Rd1 Bg6 37. Be3 Re7 38. Kg1 Bf4 39. Bxf4 gxf4 40. Rd2 Bh5
41. Be2 Ke5 42. Kg2 Rg7+ 43. Kf1 Bf7 44. Bd1 c4 45. Re2+ Kxd5 46. Re7 c3 47. Bc2 Kc5 48. Rc7+ Kb4 49. Rc6 Be6 50. h4 Ka3
51. Ke2 Kb2
0-1

[Event "Winter Tournament 2014/15"]
[Site "SchemingMind.com"]
[Date "2014.12.13"]
[Round "-"]
[White "GBEDARD"]
[Black "simpet"]
[Result "1-0"]
[WhiteCountry "USA"]
[BlackCountry "ENG"]
[WhiteElo "1994"]
[WhiteRD "72"]
[BlackElo "1585"]
[BlackRD "56"]
[GameID "371225"]

1. e4 e5 2. Nf3 Nc6 3. Bb5 d6 4. d4 Bd7 5. d5 Nce7 6. Bxd7+ Qxd7 7. Nc3 Nf6 8. Qd3 Ng6 9. h4 Nf4 10. Bxf4 exf4
11. O-O Ng4 12. Qd2 O-O-O 13. Qxf4 f6 14. Nd4 a6 15. Ne6 h5 16. Nxd8 Qxd8 17. Qf5+ Kb8 18. Ne2 g6 19. Qxg6 Qe7 20. Qf5 Ne5
21. Nf4 Qf7 22. b4 Nc4 23. Qe6 Qg7 24. b5 axb5 25. Qe8+ Ka7 26. Rfb1 Qe7 27. Qxb5 Nb6 28. Ng6 Qxe4 29. Nxh8
1-0

[Event "Winter Tournament 2014/15"]
[Site "SchemingMind.com"]
[Date "2014.12.13"]
[Round "-"]
[White "simpet"]
[Black "GBEDARD"]
[Result "0-1"]
[WhiteCountry "ENG"]
[BlackCountry "USA"]
[WhiteElo "1585"]
[WhiteRD "56"]
[BlackElo "1994"]
[BlackRD "72"]
[GameID "371226"]

1. e4 g6 2. d4 Bg7 3. Nf3 d6 4. Nc3 Nf6 5. Bc4 O-O 6. O-O Nxe4 7. Nxe4 d5 8. Bb3 dxe4 9. Nd2 Qxd4 10. c3 Qe5
11. Nc4 Qf6 12. Be3 Nc6 13. Qc2 Qh4 14. f3 exf3 15. Rxf3 Be6 16. Rf4 Qh5 17. Qf2 g5 18. Rf3 Rad8 19. Rd1 Ne5 20. Nxe5 Bxe5
21. Bd4 Bxb3 22. axb3 c5 23. Re1 Qxh2+ 24. Kf1 Bxd4 25. cxd4 Rxd4 26. Rh3 Qd6 27. Rhe3 e6 28. Kg1 Rd2 29. R3e2 Rxe2 30. Rxe2 Rd8
0-1

[Event "Winter Tournament 2014/15"]
[Site "SchemingMind.com"]
[Date "2014.12.11"]
[Round "-"]
[White "GBEDARD"]
[Black "Helga1946"]
[Result "0-1"]
[WhiteCountry "USA"]
[BlackCountry "GER"]
[WhiteElo "1988"]
[WhiteRD "68"]
[BlackElo "2150"]
[BlackRD "78"]
[GameID "371227"]

1. e4 c5 2. Nf3 d6 3. d4 cxd4 4. Nxd4 Nf6 5. Nc3 a6 6. Be3 e5 7. Nb3 Be6 8. f3 Be7 9. Qd2 O-O 10. O-O-O Nbd7
11. g4 b5 12. g5 b4 13. Ne2 Ne8 14. Ng3 a5 15. Kb1 a4 16. Nc1 Nc7 17. f4 exf4 18. Bxf4 Nc5 19. Bxd6 a3 20. Bxe7 Qxe7
21. b3 Rad8 22. Qe1 Rxd1 23. Qxd1 Qxg5 24. Qd4 Rb8 25. Bd3 Bg4 26. Qd6 Rd8 27. Qxc7 Ne6 28. Qd6 Rxd6
0-1

[Event "Winter Tournament 2014/15"]
[Site "SchemingMind.com"]
[Date "2014.12.11"]
[Round "-"]
[White "Helga1946"]
[Black "GBEDARD"]
[Result "1-0"]
[WhiteCountry "GER"]
[BlackCountry "USA"]
[WhiteElo "2195"]
[WhiteRD "77"]
[BlackElo "1994"]
[BlackRD "72"]
[GameID "371228"]

1. e4 c5 2. Nf3 d6 3. d4 cxd4 4. Nxd4 Nf6 5. Nc3 a6 6. Be3 e5 7. Nb3 Be6 8. Qd2 Nbd7 9. f4 b5 10. f5 Bc4
11. O-O-O Be7 12. Kb1 O-O 13. Bd3 Ng4 14. Bg1 Rc8 15. Qe2 Ngf6 16. Bxc4 bxc4 17. Nd2 Qa5 18. Ka1 Rc7 19. h4 Rfc8 20. Rh3 d5
21. exd5 Nxd5 22. Nxd5 Qxd5 23. Ne4 Qb7 24. g4 Qb4 25. Rb1 Qb5 26. g5 Bb4 27. Qg4 Rb8 28. h5 Qc6 29. f6 c3 30. bxc3 Bf8
31. Rxb8 Nxb8 32. fxg7 Kxg7 33. Nf6 Ba3 34. h6+ Kf8 35. c4 Be7 36. Rb3 Nd7 37. Nxh7+ Kg8 38. Nf6+ Kh8 39. Nd5 Qxc4 40. Qxc4 Rxc4
41. Nxe7 Rxc2 42. Rb1 Rg2 43. Be3 Rh2 44. Rf1 Re2 45. Rxf7 Re1+ 46. Kb2 Re2+ 47. Kc1
1-0

[Event "Winter Tournament 2014/15"]
[Site "SchemingMind.com"]
[Date "2014.12.12"]
[Round "-"]
[White "GBEDARD"]
[Black "William Lindberg"]
[Result "0-1"]
[WhiteCountry "USA"]
[BlackCountry "USA"]
[WhiteElo "1982"]
[WhiteRD "69"]
[BlackElo "2186"]
[BlackRD "67"]
[GameID "371275"]

1. e4 e5 2. Nf3 Nc6 3. Bb5 Nf6 4. O-O Be7 5. Re1 d6 6. d4 exd4 7. Nxd4 Bd7 8. Bxc6 bxc6 9. Nc3 O-O 10. Qf3 Re8
11. Bg5 Qb8 12. Rab1 Qb4 13. Nf5 Bxf5 14. Qxf5 h6 15. Be3 Qc4 16. Red1 c5 17. f3 Rab8 18. Rd3 Qe6 19. Qxe6 fxe6 20. b3 Nd7
21. f4 Kh7 22. Rf1 g5 23. Bc1 gxf4 24. Bxf4 Bf6 25. Rh3 Bd4+ 26. Kh1 Bxc3 27. Rxc3 e5 28. Bd2 Rf8 29. Kg1 Rxf1+ 30. Kxf1 Rf8+
31. Ke2 Rg8 32. g3 Kg6 33. h3 Ra8 34. Rf3 a5 35. Kd3 a4 36. g4 axb3 37. axb3 Ra1 38. Bc3 Ra2 39. Rf2 Nf6 40. Rg2 c4+
41. bxc4 Nd7 42. Be1 Nc5+ 43. Kd2 Nxe4+ 44. Ke3 Nc5 45. Rf2 Ne6 46. h4 Ra4 47. Ke4 Nf4 48. Kf3 Rxc4 49. Kg3 h5 50. g5 Nd5
51. Re2 Ne7 52. Kh3 Nf5 53. c3 Rf4 54. Rc2 e4 55. Ra2 Rf1 56. Re2 d5 57. Kg2 Rf4 58. Kh3 c6 59. Rc2 Rf1 60. Re2 c5
61. Kg2 Rf4 62. Kh3 d4 63. cxd4 cxd4 64. Rc2 e3 65. Rc4 e2 66. Rc6+ Kf7 67. Rf6+ Kg7 68. Re6 d3 69. Bc3+ Kf7 70. Rf6+ Ke7
71. Ra6 Rxh4+ 72. Kg2 Ne3+ 73. Kf3 Nd5 74. Bd2 Rf4+ 75. Kg3 Rf1 76. Ra4 Rd1 77. Ba5 d2 78. Bxd2 Rxd2 79. Re4+ Kf7 80. Kh3 Rd1
0-1

[Event "Winter Tournament 2014/15"]
[Site "SchemingMind.com"]
[Date "2014.12.12"]
[Round "-"]
[White "William Lindberg"]
[Black "GBEDARD"]
[Result "1-0"]
[WhiteCountry "USA"]
[BlackCountry "USA"]
[WhiteElo "2186"]
[WhiteRD "67"]
[BlackElo "1982"]
[BlackRD "69"]
[GameID "371276"]

1. c4 Nf6 2. d4 e6 3. Nf3 c5 4. e3 d5 5. Nc3 Nc6 6. Bd3 dxc4 7. Bxc4 a6 8. Bd3 cxd4 9. exd4 Be7 10. Be3 O-O
11. O-O Nb4 12. Bb1 Bd7 13. Ne5 Qc7 14. a3 Nc6 15. f4 Rac8 16. Ba2 Rfd8 17. Qf3 Be8 18. Rfd1 b5 19. Bf2 Qb8 20. Rac1 b4
21. axb4 Qxb4 22. f5 Nxe5 23. dxe5 Bc6 24. Rxd8+ Bxd8 25. Qh3 Bb6 26. exf6 Bxf2+ 27. Kh1 e5 28. Qh5 Be8 29. Qg5 Qf8 30. Nd5 Rxc1+
31. Qxc1 Bh4 32. fxg7 Kxg7 33. Qc7 Bb5 34. Qxe5+ f6 35. Qe4 Qc5 36. Qg4+ Bg5 37. h4 h5 38. Qxh5 Qc1+ 39. Kh2 Bf4+ 40. Nxf4 Qxf4+
41. Kh3 Qe3+ 42. Qf3 Qxf3+ 43. gxf3 Bd3 44. Kg4 a5 45. Be6 Kh6 46. Bd5 Ba6 47. Bc6 Bc4 48. Ba4 Bf7 49. Bd7 Bh5+ 50. Kf4 Kg7
51. Ba4 Kf7 52. Ke4 Ke7 53. Bd1 Bf7 54. Kd4 Be8 55. Kc5 Kf7 56. b3 Bd7 57. Bc2 Kg7 58. Kb6 Kh6 59. Kxa5 Kh5 60. b4 Kxh4
61. b5 Bc8 62. b6 Kg5 63. Kb5 Bb7 64. Be4 Bc8 65. Kc6 Ba6 66. Kc7 Kh6 67. Bd3 Bxd3 68. b7 Bxf5 69. b8=Q
1-0

[Event "Winter Tournament 2014/15"]
[Site "SchemingMind.com"]
[Date "2014.12.12"]
[Round "-"]
[White "Scooter"]
[Black "William Lindberg"]
[Result "0-1"]
[WhiteCountry "USA"]
[BlackCountry "USA"]
[WhiteElo "1778"]
[WhiteRD "45"]
[BlackElo "2176"]
[BlackRD "65"]
[GameID "371277"]

1. d4 Nf6 2. Bf4 h6 3. Nf3 d6 4. e3 g5 5. Bg3 c6 6. Be2 Qb6 7. b3 Ne4 8. O-O Bg7 9. Bd3 Nxg3 10. hxg3 Be6
11. Nbd2 Nd7 12. c4 Qc7 13. Rc1 O-O-O 14. d5 Bg4 15. Be2 c5 16. Nh2 Bf5 17. Bg4 Bd3 18. Re1 Bg6 19. e4 h5 20. Bxd7+ Rxd7
21. Nhf3 g4 22. Nh4 Kb8 23. Nxg6 fxg6 24. f4 Bd4+ 25. Kf1 g5 26. f5 Qa5 27. Qc2 h4
0-1

[Event "Winter Tournament 2014/15"]
[Site "SchemingMind.com"]
[Date "2014.12.12"]
[Round "-"]
[White "William Lindberg"]
[Black "Scooter"]
[Result "1-0"]
[WhiteCountry "USA"]
[BlackCountry "USA"]
[WhiteElo "2181"]
[WhiteRD "66"]
[BlackElo "1759"]
[BlackRD "48"]
[GameID "371278"]

1. c4 e5 2. Nf3 Nc6 3. Nc3 Bc5 4. e3 d6 5. d4 exd4 6. exd4 Bb4 7. Bd3 Bg4 8. O-O Bxf3 9. Qxf3 Bxc3 10. bxc3 Qf6
11. Re1+ Nge7 12. Qg4 O-O 13. Bg5
1-0

[Event "Winter Tournament 2014/15"]
[Site "SchemingMind.com"]
[Date "2014.12.12"]
[Round "-"]
[White "fanfan_la_Tulipe"]
[Black "William Lindberg"]
[Result "1/2-1/2"]
[WhiteCountry "AUT"]
[BlackCountry "USA"]
[WhiteElo "2104"]
[WhiteRD "74"]
[BlackElo "2186"]
[BlackRD "67"]
[GameID "371279"]

1. d4 Nf6 2. c4 e6 3. Nc3 d5 4. cxd5 exd5 5. Bg5 c6 6. Qc2 h6 7. Bh4 Bd6 8. e3 O-O 9. Bd3 Qe7 10. Nge2 Be6
11. Bg3 Bxg3 12. Nxg3 c5 13. dxc5 Qxc5 14. O-O Nc6 15. Nce2 Qb6 16. Bf5 Rac8 17. Qd2 Rfd8 18. b3 Qc7 19. Rac1 Qd7 20. Bb1 d4
21. Nxd4 Nxd4 22. exd4 Rxc1 23. Rxc1 Qxd4 24. Qxd4 Rxd4 25. Kf1 Rd2 26. Ke1=
1/2-1/2

[Event "Winter Tournament 2014/15"]
[Site "SchemingMind.com"]
[Date "2014.12.12"]
[Round "-"]
[White "William Lindberg"]
[Black "fanfan_la_Tulipe"]
[Result "1/2-1/2"]
[WhiteCountry "USA"]
[BlackCountry "AUT"]
[WhiteElo "2176"]
[WhiteRD "65"]
[BlackElo "2095"]
[BlackRD "74"]
[GameID "371280"]

1. c4 e5 2. Nc3 Nf6 3. e3 d5 4. cxd5 Nxd5 5. Nf3 Nxc3 6. bxc3 Bd6 7. d4 Qe7 8. dxe5 Bxe5 9. Nxe5 Qxe5 10. Qd4 Nc6
11. Qxe5+ Nxe5 12. Rb1 b6 13. f4 Bf5 14. Rb5 Nd3+ 15. Bxd3 Bxd3 16. Re5+ Kf8 17. Rd5 Bc4 18. Rd7 c5 19. Kf2 g6 20. a3 Kg7
21. e4 Bb3 22. Rc7 Rhd8 23. Re1 Rd3 24. Re3 Rd1=
1/2-1/2

[Event "Winter Tournament 2014/15"]
[Site "SchemingMind.com"]
[Date "2014.12.13"]
[Round "-"]
[White "simpet"]
[Black "William Lindberg"]
[Result "0-1"]
[WhiteCountry "ENG"]
[BlackCountry "USA"]
[WhiteElo "1585"]
[WhiteRD "56"]
[BlackElo "2176"]
[BlackRD "65"]
[GameID "371281"]

1. e4 e5 2. Nf3 Nc6 3. Bc4 Nf6 4. d3 Bc5 5. O-O O-O 6. Nc3 h6 7. Qe2 d6 8. Be3 Nd4 9. Bxd4 Bxd4 10. Nxd4 exd4
11. Nd5 Ng4 12. h3 Ne5 13. Bb3 c6 14. Nf4 Qg5 15. Nh5 Bxh3 16. Ng3 Bd7 17. Qe1 Ng4 18. f3 Ne3 19. Kf2 a5 20. Rh1 a4
21. Bc4 Nxc2 22. Qe2 Nxa1 23. Rxa1 b5 24. Nf5 Bxf5 25. exf5 bxc4
0-1

[Event "Winter Tournament 2014/15"]
[Site "SchemingMind.com"]
[Date "2014.12.13"]
[Round "-"]
[White "William Lindberg"]
[Black "simpet"]
[Result "1-0"]
[WhiteCountry "USA"]
[BlackCountry "ENG"]
[WhiteElo "2176"]
[WhiteRD "65"]
[BlackElo "1585"]
[BlackRD "56"]
[GameID "371282"]

1. c4 e5 2. Nc3 Bc5 3. Nf3 d6 4. e3 Nf6 5. d4 exd4 6. exd4 Bb4 7. Qa4+ Nc6 8. d5 Bxc3+ 9. bxc3 Bd7 10. dxc6 Bxc6
11. Qc2 O-O 12. Be2 Ne4 13. Nd4 Qf6 14. O-O Rfe8 15. Bd3 Qg6 16. Nxc6 bxc6 17. f3
1-0

[Event "Winter Tournament 2014/15"]
[Site "SchemingMind.com"]
[Date "2014.12.12"]
[Round "-"]
[White "William Lindberg"]
[Black "Helga1946"]
[Result "1/2-1/2"]
[WhiteCountry "USA"]
[BlackCountry "GER"]
[WhiteElo "2176"]
[WhiteRD "65"]
[BlackElo "2195"]
[BlackRD "77"]
[GameID "371283"]

1. c4 e5 2. Nc3 Nf6 3. e3 Bb4 4. Nd5 Nxd5 5. cxd5 O-O 6. Bd3 d6 7. a3 Bc5 8. b4 Bb6 9. Ne2 Qh4 10. Bb2 a5
11. Qb3 axb4 12. axb4 Rxa1+ 13. Bxa1 Nd7 14. O-O Nf6 15. f4 exf4 16. Qc4 Re8 17. Qxf4 Qxf4 18. Nxf4 Ne4 19. Bxe4 Rxe4 20. Nh5 Rxb4
21. Nxg7 Ra4 22. Nh5 f5 23. Bc3 h6 24. Rf3 Kf7 25. Ng3 Kg6 26. Ne2 c6 27. Rg3+ Rg4 28. Nf4+ Kf7 29. Rf3 cxd5 30. Rf1 d4
31. Bxd4 Bxd4 32. exd4 Bd7 33. h3 Rg8 34. Ra1 Rb8=
1/2-1/2